000 00806nam a2200277 u 4500
001 000020379
003 DO-SdBNP
005 20230113102056.0
007 ta
008 100813s2015 dr a 000 0 spa d
020 _a9789945408997
040 _aDO-SdBNP
_bspa
_cBNPHU
082 4 _a305.26
_bG633a
_222
100 1 _aGómez Cerda, José
_98583
245 1 4 _aLos adultos mayores /
_cJosé Gómez Cerda.
260 _aSanto Domingo :
_bArgos,
_c2015.
300 _a103 p. :
_bil. ;
_c22 cm.
500 _aIncluye datos biográficos del autor en las solapas
590 _aInventariado, 2018/VM
650 4 _aAncianos
_917998
650 4 _aEdad adulta
_943043
650 4 _aVejez
_943044
650 4 _aAsistencia a la vejez
_931087
910 _aValidado. Control de calidad MFF
942 _2ddc
_cLBS1
999 _c19883
_d19883